Kapitalizm ve tarım (Record no. 10720)

MARC details
000 -BAŞLIK
Sabit Uzunlukta Kontrol Alanı 00710na a2200229 4500
001 - KONTROL NUMARASI
Denetim Alanı 23172
003 - KONTROL NUMARASI IDENTIFIER
Denetim Alanı MIRAKIL
005 - SON İŞLEM TARİHİ VE ZAMANI
Denetim Alanı 20181213155331.0
008 - SABİT-BOY VERİ ELEMANLARI - GENEL BİLGİLER
Sabit Uzunlukta Kontrol Alanı 181023b tu 000 0
040 ## - KATALOGLAMA KAYNAK
Orijinal Kataloglama Ajansı Milas
Kataloglama Dili tur
Metne Dönüştürmek Ajansı TR-AnCHP
041 ## - DİL KODU
Metin / Ses Parça Veya Ayrı Başlığın Dil Kodu tur
082 ## - DEWEY ONLU SINIFLANDIRMA NUMARASI
Sınıflandırma Numarası 330.122
Ürün Numarası E62k 1984
090 ## - SINIFLAMA NUMARASI
Sınıflama Numarası 330.122 E62k 1984
100 ## - ANA GİRİŞ - KİŞİSEL İSİM
Kişisel Ad Erdost, Muzaffer İlhan
245 ## - BAŞLIK TABLOSU
Başlık Kapitalizm ve tarım
Başlığın Kalan Küçük köylülüğün yoksullaşmadı tezinin eleştirisi
Sorumluluk Tablosu, Vb Muzaffer İlhan Erdost
246 ## - UNVAN FORM VARYING
Başlık Doğru / Kısa Başlığı Küçük köylülüğün yoksullaşmadı tezinin eleştirisi
260 ## - YAYIN, DAĞITIM, VB
Yayın, Dağıtım, Vb Yeri Ankara
Yayıncı, Dağıtıcı, Vs Adı Onur Yayınları
Yayın, Dağıtım, Vb Tarihi 1984
300 ## - FİZİKSEL TANIM
Kapsam 144 s.
Boyutlar 19 sm.
650 ## - KONU KATMA GİRİŞ - TOPİKAL DÖNEM
Topikal Süreli Veya Coğrafi Ad Giriş Elemanı Kapitalizm
650 ## - KONU KATMA GİRİŞ - TOPİKAL DÖNEM
Topikal Süreli Veya Coğrafi Ad Giriş Elemanı Tarım
Genel Alt Bölümü Ekonomik açı
942 ## - EKLENDİ GİRİŞ ELEMANLARI (KOHA)
Sınıflandırma Veya Raf Düzeni Kaynak Dewey Decimal Classification
Koha Öğesi Türü Books
999 ## - SİSTEM KONTROL NUMARALARI (KOHA)
Koha Biblionumber 10720
Koha Biblioitemnumber 10720
Holdings
Kalıcı Konum Mevcut Konum Edinme Tarihi Edinim Kaynak Toplam Check-Out'Lar Tam Çağrı Numarası Barkod Tarih Son Görülme İtibaren Geçerli Fiyatlar Koha Öğesi Türü
CHP Kütüphanesi CHP Kütüphanesi 08/01/2017 Bağış   330.122 E62k 1984 017151 08/01/2017 08/01/2017 Books